| 000 | 04287nam a2200409 4500 | ||
|---|---|---|---|
| 003 | OSt | ||
| 005 | 20260213142528.0 | ||
| 008 | 260203s 2012mx adk||r|||| 00| 0 spa d | ||
| 020 | _a978-607-32-0995-3 | ||
| 040 |
_aCHAP _cPA _erda |
||
| 041 |
_aspa _bspa _fspa _hspa |
||
| 082 | 0 | 0 |
_aPA 578.87 _b.B43 2012 |
| 100 | 1 |
_aBecker, Wayne M. _9131102 |
|
| 245 |
_aBiología celular y molecular / _cWayne M. Becker, Lewis J. Kleinsmith, Jeff Hardin, William S. Klug, Michael R. Cummings, Charlotte A. Spencer, Teresa Audesirk, Gerald Audesirk, Bruce E. Byers, Jaime González Poggio, Alberto García González, |
||
| 264 |
_aMéxico : _bPearson, _c2012 |
||
| 300 |
_axxxi, 981 páginas : _bilustraciones, gráficas; |
||
| 336 |
_2rdacontent _atexto _btxt |
||
| 337 |
_2rdamedia _asin medio _bn |
||
| 338 |
_2rdacarrier _avolumen _bnc |
||
| 505 | _aAcerca de los autores.-- Prólogo.-- Agradecimientos. Carta del Rector.-- Capítulo 1 Principios y técnicas de microscopía.-- Capítulo 2 Una visión de la célula.-- Capítulo 3 Células y orgánulos.-- Capítulo 4 La química de la célula.-- Capítulo 5 Las macromoléculas de la célula.-- Capítulo 6 Bionergética: El flujo de energía en la célula.-- Capítulo 7 Enzimas: los catalizadores de la vida.-- Capítulo 8 Membranas: estructura, química y función.-- Capítulo 9 Transporte a través de membrana: saltando la barrera de permeabilidad.-- Capítulo 10 Metabolismo de la energía quimiotrófica: glucólisis, fermentación.-- Capítulo 11 Metabolismo quimiótrofo de la energía: respiración aerobia.-- Capítulo 12. Base estructural de la información celular: DNA, cromosomas y el núcleo.-- Capítulo 13 Expresión génica: I. El código genético y la transcripción.-- Capítulo 14. Expresión génica: II. Síntesis y clasificación de proteínas.-- Capítulo 15. Comportamiento intracelulares: retículo endoplásmico, complejo de golgi, endosomas, lisosomas y peroxisomas.-- Capítulo 16 La regulación de la expresión génica.-- Capítulo 17 El citoesqueleto.-- Capítulo 18 Movimiento celular: motilidad y contractilidad.-- Capítulo 19 Más allá de la célula: estructuras extracelulares, adhesión y uniones celulares.-- Capítulo 20 Mecanismos de transducción de señaI: I. Señales eléctricas en células nerviosas.-- Capítulo 21 Mecanismos de transducción de señales:II. Mensajeros y receptores. Capítulo 22 Ciclo celular, replicación del DNA y mitosis.--Capítulo 23 Reproducción sexual, neiosis y recombinación genética.-- Capítulo 24 Bases celulares y moleculares de genética humana.-- Capítulo del DNA recombinante. Capítulo 26 Genómica y proteómica.-- Capítulo 27 Defensa contra la enfermedad.-- Capítulo 28 Bases celulares y moleculares del envejecimiento.-- Capítulo 29 Células cancerosas. | ||
| 520 | _aEl presente libro actualiza nuevos temas como: Bases celulares y moleculares en genética humana, Bases celulares y moleculares en envejecimiento y Conceptos básicos en inmunología. Los conceptos y contenidos permiten al estudiante y al médico profesional adquirir los conocimientos básicos de la célula, su estructura y funciones, los cuales explican los procesos normales y anormales del cuerpo humano. Este material permite relacionarlos con las disciplinas de química, bioquímica, histología, anatomía, fisiología y microbiología. El orden de los contenidos generales llevan a la comprensión de la célula, siendo esto: biomoléculas que la componen, clasificación de las células, métodos utilizados en la biología celular y molecular, estructuras y organelos, tipos de división celular, conceptos básicos de genética, envejecimiento y cáncer. | ||
| 534 | _pTítulo original: | ||
| 650 | 0 |
_aBiología celular _9139482 |
|
| 650 | 7 |
_aCitología _923489 |
|
| 650 | 7 |
_aBiofísica _912735 |
|
| 700 | 1 |
_aKleinsmith, Lewis J. _9131103 |
|
| 700 | 1 |
_aHardin, Jeff _9131104 |
|
| 700 | 0 |
_aKlug, William S. _963482 |
|
| 700 | 1 |
_aCummings, Michael R. _9140614 |
|
| 700 | 1 |
_a Spencer, Charlotte A. _9142941 |
|
| 700 | 0 |
_aAudesirk, Teresa _98305 |
|
| 700 | 0 |
_aAudesirk, Gerald _98304 |
|
| 700 | 0 |
_aByers, Bruce E. _916492 |
|
| 700 |
_aGonzález Poggio, Jaime _9191587 |
||
| 700 | 0 |
_aGonzález Benavente-García, Alberto _948723 |
|
| 942 |
_2ddc _cLIBRO |
||
| 999 |
_c233142 _d233142 |
||